MARC

LEADER 00000nam0a2200000 4500
001 97054
005 20231101214115.0
035 |a (RuTPU)RU\TPU\book\104023 
090 |a 97054 
100 |a 20060522d1968 m y0rusy50 ca 
101 0 |a rus 
102 |a RU 
105 |a a z 001zy 
200 1 |a Гидроэлеваторы на предприятиях Северо-Востока  |f Д. Н. Шевцов 
210 |a Магадан  |c Магаданское книжное изд-во  |d 1968 
215 |a 103 с.  |c ил. 
320 |a Библиогр.: с. 101. 
606 1 |a Золотодобывающая промышленность  |2 stltpush  |3 (RuTPU)RU\TPU\subj\11869  |9 38750 
606 1 |a Золотоносные пески  |x Промывка  |2 stltpush  |3 (RuTPU)RU\TPU\subj\11876  |9 38755 
610 1 |a золотоносные пески 
610 1 |a промывка 
610 1 |a гидроэлеваторы 
610 1 |a оборудование 
610 1 |a монтаж 
610 1 |a эксплуатация 
610 1 |a расчеты 
675 |a 622.342  |v 3 
675 |a 622.271.6  |v 3 
700 1 |a Шевцов  |b Д. Н.  |g Дмитрий Николаевич 
801 1 |a RU  |b 63413507  |c 20060522  |g PSBO 
801 2 |a RU  |b 63413507  |c 20191114  |g PSBO 
942 |c BK